[Event "Valladolid Para Club Piolin V"]
[Site "Valladolid"]
[Date "2014.07.05"]
[Round "3.5"]
[White "Herrera Gutierrez, Alberto"]
[Black "Garcia Gonzalez, Omar"]
[Result "0-1"]
[WhiteElo "1679"]
[BlackElo "1857"]
[PlyCount "76"]
[EventDate "2014.07.04"]
[EventType "swiss"]
[EventRounds "5"]
[EventCountry "ESP"]
[SourceTitle "EXT 2024"]
[Source "ChessBase"]
[SourceDate "2023.10.10"]
[SourceVersion "1"]
[SourceVersionDate "2023.10.10"]
[SourceQuality "1"]

1. d4 Nf6 2. c4 e6 3. Nc3 Bb4 4. Qc2 0-0 5. a3 Bxc3+ 6. Qxc3 b6 7. Bg5 h6 8. Bh4 Bb7 9. f3 d5 10. e3 Nbd7 11. cxd5 exd5 12. Bd3 c5 13. Ne2 Re8 14. 0-0 Qe7 15. Bf2 Rac8 16. Qd2 c4 17. Bc2 Nf8 18. Ba4 Red8 19. Rac1 a6 20. Rfe1 b5 21. Bc2 Re8 22. Ng3 g6 23. Re2 Qc7 24. e4 dxe4 25. fxe4 c3 26. bxc3 Qxc3 27. Qf4 Qxa3 28. Be3 Qe7 29. d5 Rc4 30. d6 Qe5 31. Bd3 Qxf4 32. Bxf4 Rd4 33. Rc7 Rxd3 34. Rxb7 g5 35. Bd2 N8d7 36. Nf5 Rxe4 37. Nxh6+ Kh7 38. Rxe4 Nxe4 0-1

[Event "Valladolid Para Club Piolin V"]
[Site "Valladolid"]
[Date "2014.07.05"]
[Round "2.4"]
[White "Martinez Fernandez, Raul"]
[Black "Herrera Gutierrez, Alberto"]
[Result "1-0"]
[WhiteElo "1923"]
[BlackElo "1679"]
[PlyCount "79"]
[EventDate "2014.07.04"]
[EventType "swiss"]
[EventRounds "5"]
[EventCountry "ESP"]
[SourceTitle "EXT 2024"]
[Source "ChessBase"]
[SourceDate "2023.10.10"]
[SourceVersion "1"]
[SourceVersionDate "2023.10.10"]
[SourceQuality "1"]

1. e4 e5 2. f4 exf4 3. Nf3 d6 4. d4 g5 5. Bc4 Be6 6. Bxe6 fxe6 7. h4 Be7 8. Nxg5 Bxg5 9. Qh5+ Kd7 10. hxg5 Nc6 11. c3 e5 12. dxe5 dxe5 13. Na3 Kc8 14. Bd2 Nge7 15. 0-0-0 Qg8 16. Qg4+ Kb8 17. Rh6 a6 18. Rdh1 Ng6 19. Nc2 Ka7 20. b3 Rd8 21. g3 Qf7 22. gxf4 exf4 23. Qf5 Nce5 24. Nd4 Qe7 25. Qh3 Qa3+ 26. Kb1 c5 27. Bc1 Qa5 28. Nc2 Rd3 29. Qe6 Rhd8 30. Rxh7 Qxc3 31. Rg7 Rd2 32. Bxd2 Rxd2 33. Rxb7+ Kxb7 34. Rh7+ Nd7 35. Rxd7+ Rxd7 36. Qxd7+ Kb8 37. Qe8+ Kc7 38. Qxg6 f3 39. Qf7+ Kc6 40. Qf6+ 1-0